000 00490cam a22001457a 4500
008 180718b1963 xxu||||| |||| 00| 0 eng d
082 _aT214x54 In2p
100 _aIndia. Petro-Chemical Committee
245 _aReport of the Petro-chemical Committee
_cby Ministry of Commerce and Industry
260 _aDelhi
_bThe Manager of Publications
_c1963
300 _a120+p.
500 _aChairman: G.P. Kane
700 _aIndia. Ministry of Commerce and Industry
700 _aKane, J.P. (Chairman)
999 _c489674
_d489674